Napoleon (Record no. 163969)
[ view plain ]
| 000 -LEADER | |
|---|---|
| campo de control de longitud fija | 00628nam a22001815i 4500 |
| 001 - NÚMERO DE CONTROL | |
| campo de control | 163969 |
| 003 - IDENTIFICADOR DE NÚMERO DE CONTROL | |
| campo de control | ES-MaACL |
| 005 - FECHA Y HORA DE LA ÚLTIMA TRANSACCIÓN | |
| campo de control | 20251105063136.0 |
| 008 - DATOS DE LONGITUD FIJA--INFORMACIÓN GENERAL | |
| campo de control de longitud fija | 050722s1900 xxk | |||||||| ||eng d |
| 040 ## - FUENTE DE CATALOGACIÓN | |
| Centro catalogador/agencia de origen | CAM |
| Lengua de catalogación | spa |
| Centro/agencia transcriptor | CAM |
| 100 1# - ENTRADA PRINCIPAL--NOMBRE DE PERSONA | |
| Nombre de persona | Rosebery, Archibald Philip Primrose, |
| Títulos y otros términos asociados al nombre | Earl of, |
| Fechas asociadas al nombre | 1847-1929 |
| 9 (RLIN) | 99679 |
| 245 10 - MENCIÓN DEL TÍTULO | |
| Título | Napoleon |
| Resto del título | : the last phase / |
| Mención de responsabilidad, etc. | by Lord Rosebery. |
| 260 ## - PUBLICACIÓN, DISTRIBUCIÓN, ETC. | |
| Lugar de publicación, distribución, etc. | London : |
| Nombre del editor, distribuidor, etc. | Arthur L. Humphreys, |
| Fecha de publicación, distribución, etc. | 1900 ( |
| Fabricante | W.H. White and co.) |
| 300 ## - DESCRIPCIÓN FÍSICA | |
| Extensión | VI, 261 p. ; |
| Dimensiones | 24 cm. |
| 600 04 - PUNTO DE ACCESO ADICIONAL DE MATERIA--NOMBRE DE PERSONA | |
| Nombre de persona | Napoleón |
| Numeración | I |
| Títulos y otros términos asociados al nombre | , Emperador de Francia. |
| 9 (RLIN) | 84910 |
| 852 ## - LOCALIZACIÓN | |
| Ubicación | ES-MaACL |
| Número de control de estantería | G-10434 |
| Nota libre | -- Enc. tela |
| Estatus retirado | Estado de pérdida | Estado de daño | No para préstamo | Colección | Biblioteca de origen | Biblioteca actual | Ubicación en estantería | Fecha de adquisición | Fuente de adquisición | Total de préstamos | Signatura topográfica completa | Código de barras | Visto por última vez | Precio de reemplazo | Tipo de ítem Koha |
|---|---|---|---|---|---|---|---|---|---|---|---|---|---|---|---|
| Libros del s. XIX | Biblioteca del Ateneo de Madrid | Biblioteca del Ateneo de Madrid | Sala Pecera Planta 3 | 17/01/2008 | G-10434 | 1171852 | 23/02/2023 | 23/02/2023 | Libro impreso antiguo |
